000 00529nam a2200181 4500
999 _c171808
_d171808
005 20200121123246.0
010 _aENG-127486
020 _c150.00
_a9789388736015
035 _aEN-111017
037 _bDBAD/PUB
082 _aN
100 _aAyaan,Ali
245 _aThe Knights in the Shining Armours/
_cby Ali Ayaan
260 _a Delhi
_bEducational Publishing House
_c2018
270 _a3191,Vakil Street,Kucha Pandit, Lal Kuan
_bDelhi
_e110002
_minfo@ephbooks.com
300 _a96p.
_c22cm(pbk)
942 _2ddc
_cEN
_hN
_mAYA